Mistrzowie świata konstruktorów F1 - Statystyki

Ogólne statystyki
  • Ten quiz został rozwiązany 243 razy
  • Średni wynik to 55 z 65
Statystyki odpowiedzi
Hint Odpowiedź % Poprawnych
2014 Mercedes
99%
2015 Mercedes
99%
2016 Mercedes
99%
2017 Mercedes
99%
2018 Mercedes
99%
2019 Mercedes
99%
2020 Mercedes
99%
2021 Mercedes
99%
1961 Ferrari
98%
1964 Ferrari
98%
1975 Ferrari
98%
1976 Ferrari
98%
1977 Ferrari
98%
1979 Ferrari
98%
1982 Ferrari
98%
1983 Ferrari
98%
1999 Ferrari
98%
2000 Ferrari
98%
2001 Ferrari
98%
2001 Ferrari
98%
2002 Ferrari
98%
2003 Ferrari
98%
2004 Ferrari
98%
2007 Ferrari
98%
2008 Ferrari
98%
2010 Red Bull
97%
2011 Red Bull
97%
2012 Red Bull
97%
2013 Red Bull
97%
1974 McLaren
95%
1984 McLaren
95%
1985 McLaren
95%
1988 McLaren
95%
1989 McLaren
95%
1990 McLaren
95%
1991 McLaren
95%
1998 McLaren
95%
1980 Williams
90%
1981 Williams
90%
1986 Williams
90%
1987 Williams
90%
1992 Williams
90%
1993 Williams
90%
1994 Williams
90%
1996 Williams
90%
1997 Williams
90%
2005 Renault
88%
2006 Renault
88%
2009 Brawn
81%
1963 Lotus
70%
1965 Lotus
70%
1968 Lotus
70%
1970 Lotus
70%
1972 Lotus
70%
1973 Lotus
70%
1978 Lotus
70%
1995 Benetton
61%
1966 Brabham
61%
1967 Brabham
61%
1971 Tyrrell
38%
1959 Cooper
35%
1960 Cooper
35%
1962 BRM
28%
1969 Matra
25%
1958 Vanwall
24%
Nie znaleziono quizów pasujących do podanych kryteriów
Rozkład punktacji
Procent ludzi z każdym wynikiem
Percentyl według liczby udzielonych odpowiedzi
Twoja historia wyników
Nie rozwiązałeś tego quizu